000 00275nam a22001337a 4500
008 170401b xxu||||| |||| 00| 0 eng d
020 _a9781886039797
041 _aeng
080 _a574
100 _a9
101 _aSHM
245 _aLASIK
_cKORNMEHL, E.W
942 _2udc
_cBK
999 _c9421
_d9421